000 003040000a22001450004500
003 MACL
040 _aMACL
090 _c33784
_d33782
100 _aMadaan, Anil
245 _aInternet
260 _bDreamland Publications
_c1998
350 _a180
650 _aComputer science
942 _cBOOK
_k004/Gup
999 _c33430
_d33430